00397nam a2200157Ia 4500003000400000008004100004040001600045082001300061100002200074245004200096260003000138300001000168490002400178650001500202650002200217GCL140319s9999 xx 000 0 eng d aGCL / cGCL04a843bN M1 aNARCEJAC, BOILEAU10aLES MAGICIENNES / cNARCEJAC, BOILEAU a[S.N] : bFOLIO ، c1993 a184 P aCOLLECTION FOLIOv004aLITERATURE04aFRENCH LITERATURE